Normal view
MARC view
Entry Topical Term
001 - CONTROL NUMBER
- control field: 5643
003 - CONTROL NUMBER IDENTIFIER
- control field: ARRUPE
005 - DATE AND TIME OF LATEST TRANSACTION
- control field: 20131213105558.0
008 - FIXED-LENGTH DATA ELEMENTS
- fixed length control field: 131213|| aca||aabn | a|a d
040 ## - CATALOGING SOURCE
- Original cataloging agency: ARRUPE
- Transcribing agency: ARRUPE
150 ## - HEADING--TOPICAL TERM
- Topical term or geographic name as entry element: God
- General subdivision: Will.
670 ## - SOURCE DATA FOUND
- Source citation: Work cat.: (ARRUPE)0: Gallagher, Timothy M. 5638, Discerning the will of God :, c2009.